Flow through open channel/ (Record no. 547861)
[ view plain ]
| 000 -LEADER | |
|---|---|
| fixed length control field | 00399nam a22001337a 4500 |
| 082 ## - DEWEY DECIMAL CLASSIFICATION NUMBER | |
| Classification number | 627.23 |
| Author Mark | RAJ |
| -- | L-22, P-48 |
| 100 ## - MAIN ENTRY--PERSONAL NAME | |
| Personal name | Raju, K G Ranga |
| 9 (RLIN) | 44006 |
| 245 ## - TITLE STATEMENT | |
| Title | Flow through open channel/ |
| 260 ## - PUBLICATION, DISTRIBUTION, ETC. | |
| Place of publication, distribution, etc. | New Delhi: |
| Name of publisher, distributor, etc. | Tata McGraw-Hill Publishing Company Liminted, |
| Date of publication, distribution, etc. | c1981 |
| 300 ## - PHYSICAL DESCRIPTION | |
| Extent | xi, 330 p,; |
| Other physical details | ill,: |
| Dimensions | 22cm |
| 526 ## - STUDY PROGRAM INFORMATION NOTE | |
| Program name | 0 |
| Interest level | 0 |
| Reading level | 0 |
| Title point value | 627_230000000000000_RAJ |
| 650 ## - SUBJECT ADDED ENTRY--TOPICAL TERM | |
| Topical term or geographic name entry element | MCE |
| 9 (RLIN) | 379 |
| 942 ## - ADDED ENTRY ELEMENTS (KOHA) | |
| Source of classification or shelving scheme | |
| Koha item type | Book |
| Withdrawn status | Lost status | Source of classification or shelving scheme | Damaged status | Not for loan | Permanent Location | Current Location | Date acquired | Total Checkouts | Full call number | Barcode | Date last seen | Date last checked out | Price effective from | Koha item type |
|---|---|---|---|---|---|---|---|---|---|---|---|---|---|---|
| Military College of Engineering (MCE) | Military College of Engineering (MCE) | 08/08/2014 | 1 | 627.23 RAJ | MCE-25867 | 11/07/2019 | 10/10/2019 | 08/08/2014 | Book |
